Statistiques concernant Villes françaises commençant par "Mar"

Cliquez ici pour prendre le quiz!

Statistiques générales

  • Ce quiz a été pris 235 fois
  • Le résultat moyen est 6 sur 13

Statistiques - réponses

IndiceVille% Correct
13Marseille
96%
38 - Saint .....d'HèresMartin
76%
971 - Saint......Martin
76%
13Martigues
68%
974 - Sainte ....Marie
56%
57Marly
51%
59Marly
51%
78 ... le RoiMarly
51%
13Marignane
43%
38 - Saint ....Marcellin
34%
91Marcoussis
11%
62Marck
7%
76Maromme
7%

Distribution des résultats

Percentile par nombre de réponses

% des personnes avec chaque résultat

Votre développement - résultats

Vous n’avez pas pris ce quiz